BBC Presenters and Journalists - Statistics

General Stats
  • This quiz has been taken 28 times
  • The average score is 13 of 28
Answer Stats
Picture Answer % Correct
Clive Myrie
87%
Huw Edwards
87%
Victoria Derbyshire
87%
Jeremy Paxman
83%
Laura Kuenssberg
70%
Andrew Marr
65%
Fiona Bruce
65%
Amol Rajan
61%
Emily Maitlis
61%
Dan Walker
57%
Naga Munchetty
57%
Chris Mason
52%
Sophie Raworth
52%
Hugh Pym
48%
Ben Brown
43%
Faisal Islam
43%
John Sopel
43%
Louise Minchin
43%
Charlie Stayt
35%
Sally Nugent
35%
John Kay
30%
Reeta Chakrabarti
22%
Vicki Young
22%
Ben Thompson
17%
George Alagiah
17%
Jo Coburn
17%
Mishal Husain
13%
Roger Johnson
13%
No matching quizzes found
Score Distribution
Percent of People with Each Score
Percentile by Number Answered
Your Score History
You have not taken this quiz